| 000 | 00575cam a2200181 4500500 | ||
|---|---|---|---|
| 005 | 20260405003135.0 | ||
| 041 | _afre | ||
| 042 | _adc | ||
| 100 | 1 | 0 |
_aN’Diaye, Aïda _eauthor |
| 245 | 0 | 0 | _aSándor Ferenczi. L’enfant terrible de la psychanalyse |
| 260 | _c2020. | ||
| 500 | _a24 | ||
| 690 | _aBenoît Peeters | ||
| 690 | _aFerenczi | ||
| 690 | _aPsychanalyse | ||
| 786 | 0 | _nPhilosophie magazine | 142 | 9 | 2020-09-01 | p. 105-105 | 1951-1787 | |
| 856 | 4 | 1 | _uhttps://shs.cairn.info/magazine-philosophie-magazine-2020-9-page-105?lang=fr&redirect-ssocas=7080 |
| 999 |
_c2064725 _d2064725 |
||